Ciutats en (re)construcció : necessitats socials, transformació i millora de barris necessitats socials, transformació i millora de barris
ISBN:
978-84-9803-294-9
Publicado:
Barcelona :
Diputació de Barcelona. Àrea d'Infraestructures, Urbanisme i Habitatge. Gerència de Serveis d'Habitatge, Urbanisme i Activitats : Àrea de Presidència. Observatori Territorial ,
2008
Descripción Física:
474 p. : il. ; 24 cm
Colección:
Estudis. Territori ; 5
MARC
| LEADER | 00000nam a2200000Ia 4500 | ||
|---|---|---|---|
| 001 | 21724 | ||
| 003 | BGR | ||
| 005 | 20260324180100.0 | ||
| 008 | 160829s2008 xx 000 0 cat d | ||
| 020 | |a 978-84-9803-294-9 | ||
| 080 | |a B-2-181 | ||
| 245 | |a Ciutats en (re)construcció : |b necessitats socials, transformació i millora de barris | ||
| 260 | |a Barcelona : |b Diputació de Barcelona. Àrea d'Infraestructures, Urbanisme i Habitatge. Gerència de Serveis d'Habitatge, Urbanisme i Activitats : |b Àrea de Presidència. Observatori Territorial, |c 2008 | ||
| 300 | |a 474 p. : |b il. ; |c 24 cm | ||
| 490 | |a Estudis. Territori ; 5 | ||
| 590 | |a Referències bibliogràfiques a cada capítol. | ||
| 590 | |a Hi ha un exemplar en castellà amb R. 21725 | ||
| 650 | |a Barris |9 45803 | ||
| 650 | |a Ciutats |9 37645 | ||
| 650 | 0 | |a Urbanisme |x Aspectes socials |9 45804 | |
| 710 | 1 | |a Barcelona (Catalunya : Província). |b Gerència de Serveis d'Habitatge, Urbanisme i Activitats |9 52885 | |
| 710 | 1 | |a Barcelona (Catalunya : Província). |b Diputació |9 52408 | |
| 901 | |a Arxiu | ||
| 942 | |n 1 |2 udc |c MON | ||
| 952 | |0 0 |1 0 |4 0 |6 B2181 |7 1 |9 52813 |a Arxiu |b Arxiu |d 2016-12-01 |l 0 |o B-2-181 |p 21724 |r 2016-12-01 00:00:00 |w 2016-12-01 |y ARXIU | ||
| 999 | |c 56662 |d 56662 | ||